Sémiotika a ideologie /

Other Authors: Zitko, Jakub, Vojtíšková, Lenka
Language: Slovak
Czech
English
Published: Praha : Togga, 2022
Edition: Vydání první
Series: Polemos
Subjects:
Physical Description: 266 stran ; 18 cm
Language note: Částečně anglický a slovenský text, česká, anglická a slovenská resumé
Book
Saved in:
LEADER 02033nam a2200541 i 4500
001 nkc20223473864
003 CZ PrNK
005 20230322103751.0
007 ta
008 221125s2022 xr f 001 0 cze
015 |a cnb003473864 
020 |a 978-80-7476-227-7  |q (Togga ;  |q brožováno) 
020 |a 978-80-7571-088-8  |q (Univerzita Karlova, Fakulta humanitních studií ;  |q brožováno) 
035 |a (OCoLC)1357138403 
040 |a BOA001  |b cze  |e rda 
041 0 |a cze  |a eng  |a slo  |b cze  |b eng  |b slo 
072 7 |a 316.7  |x Sociologie kultury. Kulturní život  |2 Konspekt  |9 1 
080 |a 316.75  |2 MRF 
080 |a 003.2/.6  |2 MRF 
080 |a 81'22  |2 MRF 
080 |a (0162.534)  |2 MRF 
245 0 0 |a Sémiotika a ideologie /  |c Jakub Zítko, Lenka Vojtíšková (eds.) 
250 |a Vydání první 
264 1 |a Praha :  |b Togga,  |c 2022 
300 |a 266 stran ;  |c 18 cm 
336 |a text  |b txt  |2 rdacontent 
337 |a bez média  |b n  |2 rdamedia 
338 |a svazek  |b nc  |2 rdacarrier 
490 1 |a Polemos ;  |v 19. svazek 
500 |a Vydáno ve spolupráci s Univerzitou Karlovou, Fakultou humanitních studií 
504 |a Obsahuje bibliografie, bibliografické odkazy a rejstřík 
546 |a Částečně anglický a slovenský text, česká, anglická a slovenská resumé 
650 0 7 |a ideologie  |7 ph121026  |2 czenas 
650 0 7 |a sémiotika  |7 ph126388  |2 czenas 
650 0 9 |a ideologies  |2 eczenas 
650 0 9 |a semiotics  |2 eczenas 
655 7 |a sborníky konferencí  |7 fd133333  |2 czenas 
655 9 |a proceedings of conferences  |2 eczenas 
700 1 |a Zitko, Jakub  |4 edt 
700 1 |a Vojtíšková, Lenka  |4 edt 
830 0 |a Polemos  |0 s 
910 2 |a BOA001  |b 1-1499.405 
928 9 |a Univerzita Karlova, Fakulta humanitních studií 
990 |a BK 
995 |a 01 
991 |b 202212  |c NOV 
996 6 |b 2610922696  |c 1-1499.405  |l MZK  |r Sklad / do 1 hodiny  |n 1  |p p.v.  |w 001906851  |u 000010  |a 1  |e BOA001  |j MZK50  |s P 
996 7 |b 2610930612  |c 1-1499.405  |l MZK  |r Sklad / do 1 hodiny  |n 0  |p kup  |w 001906851  |u 000020  |a 1  |e BOA001  |j MZK50  |s A